| 000 | 00615nam a2200193 a 4500 | ||
|---|---|---|---|
| 001 | 1172 | ||
| 003 | BR-CuiBMT | ||
| 005 | 20231130190819.0 | ||
| 008 | 231130s2004 dtb 000 0 por d | ||
| 040 |
_aBR-CuiBMT _cBR-CuiBMT |
||
| 080 |
_22007 _a347.963 |
||
| 090 |
_a347.963 _bM216m |
||
| 100 | 1 | _aMahon, Eduardo | |
| 245 | 1 | 2 |
_aO Ministério Público de Robespierre : _buma repreensão jurídico-constitucional às pretensões investigativas do Ministério Público / _cEduardo Mahon. |
| 260 |
_aBrasília : _bEnvelopel, _c2004. |
||
| 300 |
_a262 p. : _c22 cm |
||
| 650 | _aMinistério Público | ||
| 942 |
_2udc _cLV |
||
| 999 |
_c1172 _d1172 |
||